[Event "Bundesliga 9596"]
[Site "Germany"]
[Date "1996.??.??"]
[Round "?"]
[White "Almasi, Zoltan"]
[Black "Lutz, Christopher"]
[Result "1/2-1/2"]
[WhiteElo "2650"]
[BlackElo "2555"]
[PlyCount "70"]
[EventDate "1995.10.??"]
[Source "ChessBase"]
[SourceDate "1999.07.01"]

1. e4 c5 2. Nf3 d6 3. d4 cxd4 4. Nxd4 Nf6 5. Nc3 a6 6. f4 e5 7. Nf3 Nbd7 8. a4 Be7 9. Bd3 O-O 10. O-O exf4 11. Bxf4 Ne5 12. Kh1 Bg4 13. Be2 Bxf3 14. gxf3 Rc8 15. Qd4 Qa5 16. Rg1 Rfd8 17. Rg5 Qc7 18. Rag1 Ng6 19. Be3 d5 20. Nxd5 Nxd5 21. Rxd5 Qxc2 22. Bd3 Qc7 23. Qb6 Qb8 24. Rxd8+ Bxd8 25. Qb3 Bf6 26. Bc4 Ne5 27. Bf4 Rc7 28. Bd5 Qc8 29. Qb6 Kh8 30. a5 h5 31. b4 Qh3 32. Qxc7 Qxf3+ 33. Rg2 Qf1+ 34. Rg1 Qf3+ 35. Rg2 Qf1+ 1/2-1/2

[Event "France"]
[Site "?"]
[Date "2000.??.??"]
[Round "?"]
[White "Bauer, Ch"]
[Black "Gelfand, B."]
[Result "1/2-1/2"]
[WhiteElo "2515"]
[BlackElo "2690"]
[PlyCount "102"]
[EventDate "2000.??.??"]
[Source "Chess Informant"]
[SourceDate "2000.06.01"]

1. e4 c5 2. Nf3 d6 3. d4 cxd4 4. Nxd4 Nf6 5. Nc3 a6 6. f4 e5 7. Nf3 Nbd7 8. a4 Be7 9. Bd3 O-O 10. O-O exf4 11. Kh1 Nh5 12. Ne1 Ne5 13. Be2 Nf6 14. Bxf4 Be6 15. Nd3 Ng6 16. Bg3 d5 17. Bf3 d4 18. Ne2 Ng4 19. Bxg4 Bxg4 20. h3 Be6 21. Bf2 Bf6 22. Bg1 Rc8 23. Ng3 Re8 24. Nh5 Bg5 25. b3 Qd6 26. Ne1 Red8 27. Rf3 Qc6 28. Rd3 Qxe4 29. Rxd4 Rxd4 30. Qxd4 Qxd4 31. Bxd4 f6 32. c4 Nf4 33. Ng3 Bh4 34. Ne4 Ne2 35. Nf3 Ng3+ 36. Kg1 Nxe4 37. Nxh4 Nd2 38. Re1 Nxb3 39. Bxf6 Bxh3 40. gxh3 gxf6 41. Nf5 Rc5 42. Re8+ Kf7 43. Nd6+ Kg6 44. Rg8+ Kh6 45. Nxb7 Rg5+ 46. Rxg5 Kxg5 47. c5 Nd4 48. Nd8 Kf5 49. c6 Ne6 50. Kf2 Nc7 51. Kf3 Ke5 1/2-1/2

[Event "FRA-chT 9900"]
[Site "France"]
[Date "2000.05.01"]
[Round "11.2"]
[White "Sokolov, Andrei"]
[Black "Van Wely, Loek"]
[Result "1-0"]
[WhiteElo "2565"]
[BlackElo "2639"]
[PlyCount "66"]
[EventDate "2000.02.04"]
[Source "www.chesslib.no"]
[SourceDate "2004.05.04"]

1. e4 c5 2. Nf3 d6 3. d4 cxd4 4. Nxd4 Nf6 5. Nc3 a6 6. f4 Qc7 7. Be2 g6 8. g4 h6 9. g5 hxg5 10. fxg5 Nfd7 11. Be3 e6 12. Qd2 b5 13. a3 Bb7 14. h4 Nc5 15. h5 Nbd7 16. O-O-O gxh5 17. g6 fxg6 18. b4 Nxe4 19. Nxe4 Bxe4 20. Nxe6 Qc6 21. Bd3 Bxd3 22. Qxd3 Ne5 23. Qe2 Qc4 24. Qg2 Rc8 25. Nxf8 Rxf8 26. Rxd6 Qa2 27. Qe4 Qa1+ 28. Kd2 Qc3+ 29. Kc1 Rc4 30. Qa8+ Ke7 31. Bg5+ Kxd6 32. Qxf8+ Kc7 33. Qe7+ Kb8 1-0

[Event "Bugojno"]
[Site "Bugojno"]
[Date "1984.??.??"]
[Round "?"]
[White "Beliavsky, Alexander G"]
[Black "Ljubojevic, Ljubomir"]
[Result "1/2-1/2"]
[WhiteElo "2565"]
[BlackElo "2635"]
[PlyCount "47"]
[EventDate "1984.05.??"]
[Source "ChessBase"]

1. e4 c5 2. Nf3 d6 3. d4 cxd4 4. Nxd4 Nf6 5. Nc3 a6 6. f4 Nbd7 7. Be2 g6 8. g4 h6 9. f5 Nc5 10. Bf3 e5 11. Nb3 gxf5 12. exf5 e4 13. Bg2 Nxb3 14. axb3 Rg8 15. h3 Bxf5 16. Qd4 Be6 17. Bf4 d5 18. O-O-O Rc8 19. Kb1 Rg6 20. Rhe1 Qd7 21. Be5 Bc5 22. Qd2 Bd6 23. Qf4 Be7 24. Qd2 1/2-1/2

[Event "Amber-blind 2nd"]
[Site "Monte Carlo"]
[Date "1993.??.??"]
[Round "8"]
[White "Polgar, Judit"]
[Black "Ljubojevic, Ljubomir"]
[Result "1/2-1/2"]
[WhiteElo "2595"]
[BlackElo "2605"]
[PlyCount "130"]
[EventDate "1993.03.??"]
[Source "ChessBase"]

1. e4 c5 2. Nf3 d6 3. d4 cxd4 4. Nxd4 Nf6 5. Nc3 a6 6. f4 Qc7 7. Nf3 e6 8. a4 Be7 9. Bd3 Nbd7 10. O-O b6 11. Qe1 Bb7 12. Kh1 Nc5 13. b4 Nxd3 14. cxd3 d5 15. e5 Bxb4 16. Bd2 Bxc3 17. Bxc3 d4 18. Bb4 Nd5 19. Bd6 Qc3 20. Qe4 Rd8 21. f5 exf5 22. Qxf5 Rxd6 23. exd6 O-O 24. Ng5 Nf6 25. Ne4 Nxe4 26. dxe4 d3 27. Rad1 g6 28. Qf3 Qc4 29. Qxd3 Qxd3 30. Rxd3 Bxe4 31. Re3 f5 32. Rc3 Rd8 33. Rd1 b5 34. axb5 axb5 35. Rc7 b4 36. Rd4 b3 37. Rb4 Bd5 38. h4 Bf7 39. Rbb7 b2 40. d7 Be6 41. Rxb2 Rxd7 42. Rb8+ Kf7 43. Rxd7+ Bxd7 44. Rb7 Ke6 45. Kh2 f4 46. Kg1 h6 47. Kf2 Kd6 48. Ra7 Be6 49. Rh7 h5 50. Rg7 Bf5 51. Kf3 Ke5 52. Re7+ Be6 53. Re8 Kf5 54. Re7 Bd5+ 55. Kf2 Be4 56. Re8 Bd5 57. Rb8 Be4 58. Rb4 Ke5 59. Rb6 Kf5 60. Rb5+ Kf6 61. Rg5 Bf5 62. Ke2 Ke6 63. g3 fxg3 64. Rxg3 Bg4+ 65. Kf2 g5 1/2-1/2

[Event "Corr"]
[Site "?"]
[Date "1999.06.30"]
[Round "?"]
[White "Maliangkay Rudolf J.(NED)"]
[Black "Soltau Achim"]
[Result "1/2-1/2"]
[WhiteElo "2618"]
[BlackElo "2577"]
[PlyCount "112"]
[EventDate "1999.??.??"]
[Source "www.chesslib.no"]
[SourceDate "2004.05.04"]

1. e4 c5 2. Nf3 d6 3. d4 cxd4 4. Nxd4 Nf6 5. Nc3 a6 6. f4 Qc7 7. a4 g6 8. Bd3 Bg7 9. Nf3 Nbd7 10. O-O b6 11. Qe1 Bb7 12. Bd2 Nc5 13. b4 Nxd3 14. cxd3 O-O 15. Rc1 Qd7 16. Be3 b5 17. axb5 axb5 18. Bd4 Rfe8 19. f5 e5 20. fxe6 fxe6 21. Qh4 e5 22. Be3 d5 23. Bg5 Nh5 24. Nxd5 Bxd5 25. exd5 Qxd5 26. Rcd1 Ra3 27. Qe4 Qxe4 28. dxe4 Ra4 29. Bd2 Bf8 30. Rb1 Nf6 31. Rfe1 Bd6 32. Rb3 Kf7 33. h3 Rc8 34. Bc3 Ke6 35. Ng5+ Ke7 36. Nf3 Rc4 37. Nd2 Rc6 38. Nf3 Rc4 39. Nd2 Rc6 40. Nf3 Nd7 41. Rd1 Ra2 42. Rd2 Rxc3 43. Rxc3 Ra1+ 44. Kh2 Bxb4 45. Rxd7+ Kxd7 46. Rb3 Bd6 47. Rxb5 Ra4 48. Ng5 h6 49. Nf7 Bc7 50. Nxh6 Rxe4 51. Ng4 Ra4 52. Kg3 Kc6 53. Rb2 Kd5 54. Rb7 Ra3+ 55. Kf2 Ra2+ 56. Kf1 Ra1+ 1/2-1/2

[Event "Match"]
[Site "Tehran"]
[Date "2003.02.12"]
[Round "1"]
[White "Short, Nigel D"]
[Black "Ghaem Maghami, Ehsan"]
[Result "1/2-1/2"]
[WhiteElo "2690"]
[BlackElo "2500"]
[PlyCount "65"]
[EventDate "2003.02.12"]
[Source "Roberto Alvarez"]
[SourceDate "2003.02.17"]

1. e4 c5 2. Nf3 d6 3. d4 cxd4 4. Nxd4 Nf6 5. Nc3 a6 6. f4 e5 7. Nf3 Nbd7 8. a4 Be7 9. Bd3 O-O 10. O-O Nc5 11. Kh1 d5 12. Nxe5 dxe4 13. Be2 Qc7 14. Qe1 b6 15. Qg3 Bb7 16. Be3 Rad8 17. h3 Nfd7 18. Bc4 Ne6 19. Bb3 Nxe5 20. fxe5 Bc5 21. Rae1 Bb4 22. Bc1 Bxc3 23. bxc3 Bd5 24. Bxd5 Rxd5 25. Rxe4 Rc8 26. Qf2 Rd7 27. Re3 Qc5 28. Kh2 Qa5 29. Qf5 Qxa4 30. Rg3 Re8 31. Bh6 g6 32. Qf2 Qb5 33. Re3 1/2-1/2

[Event "Yerevan zt"]
[Site "Yerevan"]
[Date "1982.??.??"]
[Round "9"]
[White "Dolmatov, Sergey"]
[Black "Tseshkovsky, Vitaly"]
[Result "0-1"]
[WhiteElo "2590"]
[BlackElo "2595"]
[PlyCount "80"]
[EventDate "1982.02.??"]
[Source "ChessBase"]

1. e4 c5 2. Nf3 d6 3. d4 cxd4 4. Nxd4 Nf6 5. Nc3 a6 6. f4 e5 7. Nf3 Nbd7 8. a4 Qc7 9. Bd3 g6 10. O-O Bg7 11. Kh1 b6 12. Qe1 Bb7 13. Be3 O-O 14. Qh4 Rae8 15. fxe5 dxe5 16. Nd2 Nh5 17. Bc4 Nf4 18. Ne2 Bxe4 19. Nxf4 exf4 20. Bxf4 Qc6 21. Nxe4 Rxe4 22. Bxa6 Bxb2 23. Bb5 Qxc2 24. Rad1 Nc5 25. Qg3 Rd4 26. Rb1 Ne4 27. Qe3 Nd2 28. Rxb2 Qxb2 29. Be5 Nxf1 30. Qxd4 Qc1 31. h3 Qe1 32. Bc7 Ne3+ 33. Kh2 Qf2 34. Qe4 Rc8 35. Bxb6 Nf1+ 36. Bxf1 Qxb6 37. h4 Qd6+ 38. g3 Rc3 39. Qe1 Ra3 40. a5 Ra2+ 0-1

[Event "Belgrade YUG"]
[Site "Belgrade SCG"]
[Date "1995.??.??"]
[Round "3"]
[White "Leko, Peter"]
[Black "Topalov, Veselin"]
[Result "1-0"]
[WhiteElo "2555"]
[BlackElo "2630"]
[PlyCount "62"]
[EventDate "1995.??.??"]
[Source "www.chesslib.no"]
[SourceDate "2004.05.04"]

1. e4 c5 2. Nf3 d6 3. d4 cxd4 4. Nxd4 Nf6 5. Nc3 a6 6. f4 Nbd7 7. Be2 g6 8. O-O Bg7 9. a4 O-O 10. Bf3 e5 11. fxe5 Nxe5 12. Kh1 h6 13. Bf4 Bd7 14. Be2 Rc8 15. Qd2 Kh7 16. Rad1 Bg4 17. Bxg4 Nfxg4 18. Nd5 Nc4 19. Qe2 Nge5 20. b3 Nb6 21. Nf3 Nxd5 22. c3 Nb6 23. Qxa6 Nd3 24. Nd4 Na8 25. h4 Qb6 26. Ne6 Nb4 27. Nc7 Nd5 28. Bxd6 Rcd8 29. Ne6 Qe3 30. Bh2 Rde8 31. Qc6 Nf4 1-0

[Event "Corr"]
[Site "?"]
[Date "1999.06.30"]
[Round "?"]
[White "Hamarat Tunc (AUT)"]
[Black "Soltau Achim"]
[Result "1/2-1/2"]
[WhiteElo "2603"]
[BlackElo "2577"]
[PlyCount "61"]
[EventDate "1999.??.??"]
[Source "www.chesslib.no"]
[SourceDate "2004.05.04"]

1. e4 c5 2. Nf3 d6 3. d4 cxd4 4. Nxd4 Nf6 5. Nc3 a6 6. f4 Qc7 7. Bd3 g6 8. O-O Bg7 9. Kh1 Nbd7 10. Nf3 Nc5 11. Qe1 b5 12. e5 dxe5 13. fxe5 Nfd7 14. Nd5 Qc6 15. Nf4 Bb7 16. b4 Ne6 17. Nxe6 Qxe6 18. Bb2 O-O 19. Qe2 Qg4 20. a3 Nb6 21. h3 Bxf3 22. Rxf3 Qe6 23. Bd4 Rac8 24. c3 Bh6 25. Bb1 Nc4 26. Ba2 f6 27. a4 fxe5 28. Rxf8+ Kxf8 29. axb5 axb5 30. Bxc4 Rxc4 31. Bxe5 1/2-1/2

[Event "Corus-B"]
[Site "Wijk aan Zee"]
[Date "2004.01.10"]
[Round "1"]
[White "Tiviakov, Sergei"]
[Black "Naiditsch, Arkadij"]
[Result "1/2-1/2"]
[WhiteElo "2600"]
[BlackElo "2576"]
[PlyCount "55"]
[EventDate "2004.01.10"]
[Source "ChessBase"]
[SourceDate "2004.03.30"]

1. e4 c5 2. Nf3 d6 3. d4 cxd4 4. Nxd4 Nf6 5. Nc3 a6 6. f4 e5 7. Nf3 Nbd7 8. Bd3 Be7 9. O-O O-O 10. a4 exf4 11. Kh1 Ne5 12. Bxf4 Qc7 13. Bg5 Be6 14. Nd4 Nfg4 15. Bf4 Bh4 16. g3 Be7 17. h3 Nf6 18. g4 Nc4 19. Bxc4 Qxc4 20. Qd3 Rac8 21. Qxc4 Rxc4 22. Nf5 Bxf5 23. exf5 d5 24. g5 Ne4 25. f6 Bc5 26. Nxd5 Rd8 27. Rad1 Rxc2 28. Ne7+ 1/2-1/2

[Event "NED-ch"]
[Site "Rotterdam "]
[Date "1999.06.05"]
[Round "7"]
[White "Reinderman, Dimitri"]
[Black "Van Wely, Loek"]
[Result "1-0"]
[WhiteElo "2541"]
[BlackElo "2632"]
[PlyCount "65"]
[EventDate "1999.05.??"]
[Source "ChessBase"]
[SourceDate "1999.10.01"]

1. e4 c5 2. Nf3 d6 3. d4 cxd4 4. Nxd4 Nf6 5. Nc3 a6 6. f4 e5 7. Nf3 Nbd7 8. a4 Be7 9. Bd3 O-O 10. O-O Qc7 11. Kh1 exf4 12. Bxf4 Ne5 13. Bg5 Be6 14. Nxe5 dxe5 15. Bxf6 Bxf6 16. Rxf6 gxf6 17. Qh5 Kg7 18. Rf1 Rh8 19. Nd5 Bxd5 20. exd5 Qd6 21. c4 a5 22. Qg4+ Kf8 23. Qh4 Ra6 24. c5 Qxd5 25. Bc4 Qc6 26. Qh5 Ke7 27. Qxf7+ Kd8 28. Bxa6 bxa6 29. h3 Kc8 30. Rxf6 Qxc5 31. Qe6+ Kc7 32. Rf7+ Kb8 33. Qxa6 1-0

[Event "Dubai op"]
[Site "Dubai"]
[Date "2000.05.06"]
[Round "8"]
[White "Sax, Gyula"]
[Black "Magerramov, Elmar"]
[Result "1/2-1/2"]
[WhiteElo "2609"]
[BlackElo "2562"]
[PlyCount "97"]
[EventDate "2000.04.28"]
[Source "www.chesslib.no"]
[SourceDate "2004.05.04"]

1. e4 c5 2. Nf3 d6 3. d4 cxd4 4. Nxd4 Nf6 5. Nc3 a6 6. f4 Qc7 7. Bd3 g6 8. O-O Bg7 9. Nf3 Nbd7 10. Kh1 b5 11. Qe2 b4 12. Nd1 Bb7 13. Bd2 a5 14. a3 bxa3 15. Rxa3 O-O 16. Nc3 Nc5 17. f5 d5 18. exd5 Nxd3 19. Qxd3 Ba6 20. Nb5 Bxb5 21. Qxb5 Qxc2 22. fxg6 hxg6 23. Rxa5 Rab8 24. Rc1 Qxb2 25. Qxb2 Rxb2 26. Bc3 Rb7 27. Nd4 Rc8 28. Nc6 Nxd5 29. Bd2 e6 30. Rxd5 exd5 31. Ne7+ Rxe7 32. Rxc8+ Kh7 33. Rd8 Rb7 34. Kg1 d4 35. Kf2 Be5 36. h3 f6 37. Kf3 Rb3+ 38. Ke4 Rg3 39. Rd7+ Kg8 40. Bf4 Bxf4 41. Kxf4 Rxg2 42. Rxd4 Kg7 43. Rd7+ Kh6 44. Rf7 f5 45. Rf8 Ra2 46. Rh8+ Kg7 47. Rb8 Ra3 48. Kg5 Rg3+ 49. Kh4 1/2-1/2

[Event "Biel"]
[Site "Biel"]
[Date "1995.??.??"]
[Round "8"]
[White "Kindermann, Stefan"]
[Black "De Firmian, Nick E"]
[Result "1/2-1/2"]
[WhiteElo "2565"]
[BlackElo "2605"]
[PlyCount "85"]
[EventDate "1995.07.??"]
[Source "ChessBase"]

1. e4 c5 2. Nf3 d6 3. d4 cxd4 4. Nxd4 Nf6 5. Nc3 a6 6. f4 e5 7. Nf3 Nbd7 8. a4 Be7 9. Bd3 O-O 10. O-O Nc5 11. Kh1 exf4 12. Bxf4 Bg4 13. Be3 Rc8 14. Qe1 Bh5 15. Nd4 Ng4 16. Nd5 Bh4 17. Qd2 Re8 18. Nf5 Nxe3 19. Qxe3 Bg6 20. Qd4 Re5 21. a5 Bxf5 22. Rxf5 Rxf5 23. exf5 Nxd3 24. Qxd3 Bf6 25. c3 Be5 26. Rf1 Qh4 27. g3 Qc4 28. Qxc4 Rxc4 29. b4 g6 30. fxg6 hxg6 31. Kg2 f5 32. Rf3 Kf7 33. Rd3 Ke6 34. Kf3 g5 35. h3 g4+ 36. hxg4 Rxg4 37. Nf4+ Bxf4 38. gxf4 Rg1 39. Kf2 Rc1 40. Ke2 Rc2+ 41. Ke3 Rh2 42. Rd4 Rh3+ 43. Kd2 1/2-1/2

[Event "Corr"]
[Site "?"]
[Date "1999.06.30"]
[Round "?"]
[White "Kofidis Spyros (GRC)"]
[Black "Soltau Achim"]
[Result "0-1"]
[WhiteElo "2592"]
[BlackElo "2577"]
[PlyCount "80"]
[EventDate "1999.??.??"]
[Source "www.chesslib.no"]
[SourceDate "2004.05.04"]

1. e4 c5 2. Nf3 d6 3. d4 cxd4 4. Nxd4 Nf6 5. Nc3 a6 6. f4 Qc7 7. Bd3 g6 8. O-O Bg7 9. Nf3 Nbd7 10. Qe1 b5 11. e5 dxe5 12. fxe5 Ng4 13. e6 fxe6 14. Qh4 Nde5 15. Nxe5 Nxe5 16. Bh6 Bxh6 17. Qxh6 Bb7 18. Be4 Bxe4 19. Nxe4 Ng4 20. Qh4 h5 21. Ng5 Qb6+ 22. Kh1 Rc8 23. h3 Ne3 24. Qf2 Rxc2 25. Qf7+ Kd7 26. Rfe1 Nf5 27. b4 Kc7 28. Qxg6 Qf2 29. Ne4 Nh4 30. Nxf2 Nxg6 31. Rac1 Rxc1 32. Rxc1+ Kd6 33. Ne4+ Kd5 34. Nc5 Ra8 35. a4 e5 36. g3 e4 37. axb5 axb5 38. Re1 Ra3 39. Kg2 e3 40. Kf3 e2+ 0-1

[Event "Moskva (GMA)"]
[Site "?"]
[Date "1990.??.??"]
[Round "?"]
[White "Sax, Gy"]
[Black "Hulak, K."]
[Result "1-0"]
[WhiteElo "2605"]
[BlackElo "2560"]
[PlyCount "85"]
[EventDate "1990.??.??"]
[Source "ChessBase"]
[SourceDate "1990.01.01"]

1. e4 c5 2. Nf3 d6 3. d4 cxd4 4. Nxd4 Nf6 5. Nc3 a6 6. f4 Nbd7 7. Nf3 e5 8. a4 d5 9. Nxd5 Nxe4 10. Be3 Bc5 11. Qd3 f5 12. fxe5 Bxe3 13. Nxe3 Qa5+ 14. c3 Nxe5 15. Qd4 Nxf3+ 16. gxf3 Nf6 17. Nc4 Qd5 18. O-O-O Qxd4 19. Rxd4 Be6 20. Nd6+ Kf8 21. Nxb7 Bd5 22. Nc5 Bxf3 23. Rg1 g6 24. Bc4 Kg7 25. Ne6+ Kh6 26. Ng5 Be4 27. Nf7+ Kg7 28. Nxh8 Kxh8 29. Rd6 Ng4 30. h3 Ne3 31. Bxa6 f4 32. Re1 Bf5 33. h4 h5 34. Bb5 Kg7 35. Rd4 Nc2 36. Re7+ Kf6 37. Rde4 Bxe4 38. Rxe4 Ne3 39. Rxf4+ Nf5 40. Bd3 Ke5 41. Re4+ Kd5 42. Rb4 Rf8 43. a5 1-0

[Event "Haninge"]
[Site "?"]
[Date "1990.??.??"]
[Round "?"]
[White "Sax, Gy"]
[Black "Polugaevsky, L."]
[Result "1/2-1/2"]
[WhiteElo "2605"]
[BlackElo "2560"]
[PlyCount "32"]
[EventDate "1990.??.??"]
[Source "ChessBase"]
[SourceDate "1990.01.01"]

1. e4 c5 2. Nf3 d6 3. d4 cxd4 4. Nxd4 Nf6 5. Nc3 a6 6. f4 Nbd7 7. Nf3 e5 8. a4 d5 9. Nxd5 Nxe4 10. Be3 Bc5 11. Qd3 Nef6 12. Nxf6+ Qxf6 13. Bxc5 Nxc5 14. Qe3 e4 15. Ne5 Qb6 16. Nc4 Qc6 1/2-1/2

[Event "Phillips&Drew"]
[Site "London"]
[Date "1980.??.??"]
[Round "2"]
[White "Sax, Gyula"]
[Black "Andersson, Ulf"]
[Result "1/2-1/2"]
[WhiteElo "2570"]
[BlackElo "2590"]
[PlyCount "33"]
[EventDate "1980.04.??"]
[Source "ChessBase"]

1. e4 c5 2. Nf3 d6 3. d4 cxd4 4. Nxd4 Nf6 5. Nc3 a6 6. f4 e5 7. Nf3 Nbd7 8. a4 Qc7 9. Bd3 Be7 10. O-O O-O 11. Nh4 g6 12. f5 d5 13. exd5 e4 14. Be2 Bd6 15. g3 b6 16. Be3 Bb7 17. Qd2 1/2-1/2

[Event "Reykjavik"]
[Site "Reykjavik"]
[Date "1987.??.??"]
[Round "?"]
[White "Arnason, Jon L"]
[Black "Ljubojevic, Ljubomir"]
[Result "1-0"]
[WhiteElo "2540"]
[BlackElo "2620"]
[PlyCount "90"]
[EventDate "1987.02.??"]
[Source "ChessBase"]

1. e4 c5 2. Nf3 d6 3. d4 cxd4 4. Nxd4 Nf6 5. Nc3 a6 6. f4 g6 7. Nf3 Nc6 8. e5 dxe5 9. Qxd8+ Kxd8 10. fxe5 Nd7 11. Bf4 e6 12. O-O-O h6 13. g4 Kc7 14. Ne4 Bg7 15. Nd6 Rf8 16. Bg2 Nb6 17. c4 Bd7 18. Bg3 Rad8 19. Bh4 Rb8 20. Rhe1 Be8 21. Re2 Nd7 22. Bg3 Rd8 23. a3 Nb6 24. b3 Nc8 25. b4 Nb8 26. b5 axb5 27. cxb5 Nxd6 28. exd6+ Kb6 29. Bf2+ Ka5 30. Be1+ Kb6 31. Bf2+ Ka5 32. Be1+ Kb6 33. a4 Rc8+ 34. Rc2 Bd7 35. Nd2 Bc3 36. Bf2+ Ka5 37. Bxb7 Bxd2+ 38. Rdxd2 Rxc2+ 39. Rxc2 Kxa4 40. b6 f5 41. gxf5 Rxf5 42. Be3 Kb5 43. Bc8 Re5 44. Bf2 Rd5 45. b7 Rxd6 1-0

[Event "Vienna Open"]
[Site "Vienna AUT"]
[Date "1986.??.??"]
[Round "?"]
[White "Beliavsky, Alexander G"]
[Black "Chandler, Murray G"]
[Result "1-0"]
[WhiteElo "2625"]
[BlackElo "2535"]
[PlyCount "63"]
[EventDate "1986.01.??"]
[Source "www.chesslib.no"]
[SourceDate "2004.05.04"]

1. e4 c5 2. Nf3 d6 3. d4 cxd4 4. Nxd4 Nf6 5. Nc3 a6 6. f4 e5 7. Nf3 Nbd7 8. a4 Be7 9. Bd3 O-O 10. O-O Nc5 11. Kh1 d5 12. Nxe5 dxe4 13. Be2 Qc7 14. Be3 b6 15. Qe1 Bb7 16. Qg3 Ne6 17. Rad1 Bc5 18. f5 Bd6 19. Rxd6 Qxd6 20. fxe6 fxe6 21. Rd1 Bd5 22. Nc4 Qb4 23. Nxb6 Rad8 24. Ncxd5 Nxd5 25. Bd4 Rf7 26. Nxd5 Rxd5 27. c3 Qxa4 28. Re1 e5 29. Bxe5 Rd2 30. Bxg7 Rxg7 31. Qb8+ Kf7 32. Qf4+ 1-0